00458nam a2200181Ia 4500001001000000003000500010008004100015010001100056040000900067082002100076100001900097245005200116250000600168260003300174300001200207650003400219650002300253Para_7688CHAP220125s1954 xx 000 0 und d a206707 cCHAP aPA 632.9 M3 1954 aMallis, Arnold aHandbook of pest control /c by Arnold Mallins a2 aPittsburgh :b Gulf Research a1068 p. aControl biológico de plagas aControl de plagas